From seed germination to young plants : ecology, growth and environmental influences /

Guardado en:
Autor Principal: Busso, Carlos Alberto.
Formato: Libro
Idioma:English
Publicado: New York : Nova Science Publishers, 2013.
Series:Botanical Research and Practices
Environmental Health - Physical, Chemical and Biological Factors
Acceso en línea:Tabla de contenidos
Etiquetas: Agregar Etiqueta
Sin Etiquetas, Sea el primero en etiquetar este registro!
LEADER 00815nam a22001815a 4500
001 EEA.libagro009283
008 131209s2013####nyua##########000#0#eng#d
005 20201203184919.0
245 1 0 |a From seed germination to young plants :  |b ecology, growth and environmental influences /  |c Carlos Alberto Busso, editor. 
260 |a New York :  |b Nova Science Publishers,  |c 2013. 
300 |a xiii, 370 p. :  |b il. ;  |c 26 cm. 
490 1 |a Botanical Research and Practices 
490 1 |a Environmental Health - Physical, Chemical and Biological Factors 
020 |a 9781626186538 
100 1 |a Busso, Carlos Alberto. 
041 1 |a eng 
856 4 2 |3 Tabla de contenidos  |u https://novapublishers.com/shop/from-seed-germination-to-young-plants-ecology-growth-and-environmental-influences/ 
859 |a AR-BbBCA  |b BIB. AGRONOMIA  |h 581.3  |i B981  |p 2013/6317